La nueva cuestión feminista.

Bibliographic Details
Format: Analitica de revista
Language:English
Published: Santiago, Chile LOM

MARC

LEADER 00000cab a2200000 a 4500
001 024300
003 UAHC_CL
005 20191125133355.0
008 060116b xx j 000 1 eng
952 |0 0  |1 0  |4 0  |6 ACTUEL_MARX_INTERV_04_05_000000000000000  |7 0  |8 General  |9 48718  |a BC  |b BC  |c General  |d 2017-08-03  |l 0  |o ACTUEL MARX INTERV.-04/05  |p FICTICIO39  |r 2019-01-08 00:00:00  |t 1  |w 2017-08-03  |y REVA 
999 |c 24300  |d 24300 
040 |a UAHC_CL  |c UAHC_CL  |d UAHC_CL 
245 1 3 |a La nueva cuestión feminista. 
260 |b LOM  |a Santiago, Chile 
773 0 |t Actuel-Marx / Intervenciones.  |w 024296 
900 |a ACTUEL MARX INTERV.-04/05 
942 |c REVA  |2 ddc